The magic mountain

Spremljeno u:
Bibliografski detalji
Glavni autor: Thomas Mann
Format: Knjiga
Jezik:Undetermined
Izdano: New York The Modern Library 1992
Teme:
Oznake: Dodaj oznaku
Bez oznaka, Budi prvi tko označuje ovaj zapis!
Thư viện lưu trữ: Trung tâm Học liệu Trường Đại học Cần Thơ
LEADER 00510nam a2200181Ia 4500
001 CTU_12552
008 210402s9999 xx 000 0 und d
082 |a 833.914 
082 |b M282 
100 |a Thomas Mann 
245 4 |a The magic mountain 
245 0 |c Thomas Mann 
260 |a New York 
260 |b The Modern Library 
260 |c 1992 
650 |a german fiction ( english ) - 20th century 
904 |i Nguyễn Quang Điền, 961115 
980 |a Trung tâm Học liệu Trường Đại học Cần Thơ